Tropag & Rural 1975- 2000/06 : Agriculture and environment for developing regions and abtracts on rural development in the tropics
Gorde:
| Formatua: | Liburua |
|---|---|
| Hizkuntza: | Undetermined |
| Argitaratua: |
Norwood, MA
SilverPlatter
2000
|
| Gaiak: | |
| Etiketak: |
Etiketa erantsi
Etiketarik gabe, Izan zaitez lehena erregistro honi etiketa jartzen!
|
| Thư viện lưu trữ: | Trung tâm Học liệu Trường Đại học Cần Thơ |
|---|
| LEADER | 00610nam a2200181Ia 4500 | ||
|---|---|---|---|
| 001 | CTU_63793 | ||
| 008 | 210402s9999 xx 000 0 und d | ||
| 082 | |a 631.583 | ||
| 082 | |b A278 | ||
| 245 | 0 | |a Tropag & Rural 1975- 2000/06 : | |
| 245 | 0 | |b Agriculture and environment for developing regions and abtracts on rural development in the tropics | |
| 260 | |a Norwood, MA | ||
| 260 | |b SilverPlatter | ||
| 260 | |c 2000 | ||
| 650 | |a Nông nghiệp,Agriculture | ||
| 650 | |x Khía cạnh môi trường,Environmental aspects | ||
| 904 | |i Năm | ||
| 980 | |a Trung tâm Học liệu Trường Đại học Cần Thơ | ||